Barómetro de jóvenes Costa Rica 1998: encuesta de opinión pública /
Salvato in:
| Autore principale: | |
|---|---|
| Ente Autore: | |
| Altri autori: | |
| Natura: | testo |
| Pubblicazione: |
San José:
PNUD
|
| Soggetti: | |
| Tags: |
Aggiungi Tag
Nessun Tag, puoi essere il primo ad aggiungerne!!
|
MARC
| LEADER | 00000 a a2200000 04500 | ||
|---|---|---|---|
| 001 | 10495 | ||
| 003 | |||
| 040 | |||
| 090 | |a 136500 | ||
| 100 | |a Garita Bonilla, Nora | ||
| 110 | |a Naciones Unidas. Programa de las Naciones Unidas para el Desarrollo | ||
| 245 | |a Barómetro de jóvenes Costa Rica 1998: encuesta de opinión pública / |c Nora Garita Bonilla | ||
| 260 | |a San José: |b PNUD | ||
| 300 | |a 101 p | ||
| 300 | |b **no definido** |b fonodiscos | ||
| 650 | |a GOBERNABILIDAD | ||
| 650 | |a DEMOCRACIA | ||
| 650 | |a JUVENTUD | ||
| 650 | |a METODOLOGIA | ||
| 650 | |a ENCUESTAS | ||
| 650 | |a MUESTREO | ||
| 650 | |a POLITICA | ||
| 650 | |a SISTEMAS DE VALORES | ||
| 650 | |a EDUCACION | ||
| 650 | |a TRABAJO | ||
| 650 | |a ENCUESTAS | ||
| 650 | |a RESULTADOS DE INVESTIGACION | ||
| 650 | |a JUVENTUD | ||
| 700 | |a coord | ||
| 999 | |c 14755 |d 14755 | ||
